Album by Artist (Christian Edition) Quiz Stats

 Plays Quiz not verified by Sporcle

Score 0/14 Timer 03:00
0 Plays Today
% Correct
Casting Crowns
49.1%
DC Talk
47.4%
Chris Tomlin
38.6%
Matthew West
36.8%
MercyMe
36.8%
Newsboys
31.6%
Jars of Clay
24.6%
% Correct
Hillary Scott
24.6%
Relient K
22.8%
NeedtoBreathe
21.1%
Audio Adrenaline
21.1%
Third Day
21.1%
Delirious?
12.3%
Meredith Andrews
8.8%

You're not logged in!

Compare scores with friends on all Sporcle quizzes.
OR
Log In

Sporcle TV

Today on Sporcle TV


Watch our educational content, quiz creation guides, and fun videos on Sporcle TV.

Show Comments

Extras

Top Quizzes Today


Score Distribution

Your Account Isn't Verified!

In order to create a playlist on Sporcle, you need to verify the email address you used during registration. Go to your Sporcle Settings to finish the process.

Report this User

Report this user for behavior that violates our Community Guidelines.

Details: